Statistics for Tottenham quiz !!!

Click here to take the quiz!

General Stats

  • This quiz has been taken 160 times
  • The average score is 9 of 15

Answer Stats

HintAnswer% Correct
How many times have we won the double2
94%
What is the name of the Tottenham Hotspur stadiumWhite Hart Lane
92%
"Erik sen sen sen he's our number ?23
83%
How many crests have we had4
79%
Who is the current chairmanDaniel Levy
77%
Who is our current captainLloris
73%
What number did Ledley King wear26
70%
What year were we founded1882
70%
What year did our kits start being made by Under Armour2012
64%
What is the capacity of the stadium to the nearest 00036000
56%
Who made our shirts before Under ArmourPuma
54%
Where was the last club that Kane went on loan toLeicester
53%
Where did we sign Luka Modric fromDinamo Zagreb
41%
What did Adam Richman do when visiting the ground ?Cry
11%
The legend named round outside the stadium is calledBill Nicholson way
4%

Score Distribution

Percentile by Number Answered

Percent of People with Each Score

Your Score History

You have not taken this quiz